000 00278nam a22001337a 4500
008 171014b xxu||||| |||| 00| 0 eng d
020 _a9780538443562
041 _aeng
080 _a331
100 _a52
101 _aPUN
245 _aTHE OFFICE
_cOLIVERIO
942 _2udc
_cBK
999 _c33939
_d33939